[Event "interzonal (w)"]
[Site "Chisinau MDA"]
[Date "1995.??.??"]
[Round "5"]
[White "Berezina, Irina"]
[Black "Kiseleva, Natalia"]
[Result "1-0"]
[WhiteElo "2195"]
[BlackElo "2260"]
[EventDate "1995.09.??"]
[PlyCount "103"]

1.d4 Nf6 2.c4 g6 3.Nc3 Bg7 4.e4 d6 5.Nf3 O-O 6.h3 e5 7.d5 Nh5 8.Be3 Na6 9.
Rg1 f5 10.exf5 gxf5 11.g4 fxg4 12.hxg4 Nf4 13.Qc2 Qe7 14.O-O-O e4 15.Qxe4 
Qxe4 16.Nxe4 Nxd5 17.cxd5 Rxf3 18.Bd3 Rf8 19.Ng5 h6 20.Nh7 Re8 21.g5 hxg5 
22.Bxg5 Nb4 23.Nf6+ Bxf6 24.Bxf6+ Kf7 25.Bd4 Nxd3+ 26.Rxd3 Re4 27.Rf3+ Ke8
28.Rg8+ Kd7 29.Rf7+ Re7 30.Rxe7+ Kxe7 31.Rg7+ Ke8 32.Rxc7 b5 33.Rh7 Rb8 
34.f4 Rb7 35.Rh8+ Kd7 36.f5 Rc7+ 37.Kd2 Bb7 38.Rh7+ Kc8 39.Rh8+ Kd7 40.
Rh7+ Kc8 41.Rxc7+ Kxc7 42.Bxa7 Bxd5 43.b3 Be4 44.f6 Kd7 45.Kc3 Bb1 46.a3 
Bg6 47.Bd4 Bf7 48.Kb4 Kc6 49.a4 bxa4 50.Kxa4 Kb7 51.b4 Ka6 52.b5+ 1-0

[Event "interzonal (w)"]
[Site "Chisinau MDA"]
[Date "1995.??.??"]
[Round "5"]
[White "Ciuksyte, Dagne"]
[Black "Edzgveradze, Natalia"]
[Result "0-1"]
[WhiteElo "2225"]
[BlackElo "2320"]
[EventDate "1995.09.??"]
[PlyCount "84"]

1.e4 e6 2.d4 d5 3.Nc3 dxe4 4.Nxe4 Nd7 5.Nf3 Ngf6 6.Bg5 h6 7.Nxf6+ Nxf6 8.
Bxf6 Qxf6 9.Bd3 Bd6 10.Qe2 O-O 11.Qe4 Rd8 12.Ne5 c5 13.O-O-O cxd4 14.f4 
Bxe5 15.fxe5 Qf5 16.Qe2 Qf4+ 17.Kb1 Bd7 18.h4 Qe3 19.Qxe3 dxe3 20.Rh3 Bc6 
21.g4 Kf8 22.Rxe3 Rd4 23.Rg1 Rad8 24.Kc1 R8d5 25.a3 Ke7 26.b3 Rf4 27.h5 
Rdd4 28.Be2 f6 29.Re1 Rde4 30.exf6+ gxf6 31.Rxe4 Rxe4 32.Kd2 Kd6 33.c4 Ke5
34.Rf1 f5 35.gxf5 exf5 36.Bd3 Rf4 37.Re1+ Be4 38.Be2 Rh4 39.Rg1 Rh2 40.Ke1
f4 41.Rg8 Kd4 42.Bf1 Ke3 0-1

[Event "interzonal (w)"]
[Site "Chisinau MDA"]
[Date "1995.??.??"]
[Round "5"]
[White "Radu, Elena-Luminita"]
[Black "Calzetta Ruiz, Monica"]
[Result "1-0"]
[WhiteElo "2330"]
[BlackElo "2130"]
[EventDate "1995.09.??"]
[PlyCount "63"]

1.e4 c5 2.Nf3 d6 3.d4 cxd4 4.Nxd4 Nf6 5.Nc3 g6 6.g3 Nc6 7.Bg2 Nxd4 8.Qxd4 
Bg7 9.a4 O-O 10.a5 Bd7 11.O-O Bc6 12.Qb4 Qc8 13.h3 Rd8 14.Rd1 Rd7 15.Kh2 
Rc7 16.Be3 h5 17.Rd2 h4 18.g4 Bd7 19.e5 dxe5 20.g5 Nh5 21.Nd5 Bc6 22.Nxc7 
Qxc7 23.Bxc6 e4+ 24.Kg2 bxc6 25.Qxe4 Bxb2 26.Rad1 Ba3 27.Rd7 Qxa5 28.Qxc6 
Rf8 29.Rxa7 Qb4 30.Ra4 Qb2 31.Bd4 Nf4+ 32.Kh1 1-0

[Event "interzonal (w)"]
[Site "Chisinau MDA"]
[Date "1995.??.??"]
[Round "5"]
[White "Gaponenko, Inna"]
[Black "Tsoganova, Monika"]
[Result "1-0"]
[WhiteElo "2365"]
[BlackElo "2295"]
[EventDate "1995.09.??"]
[PlyCount "45"]

1.e4 c6 2.d4 d5 3.exd5 cxd5 4.c4 Nf6 5.Nc3 e6 6.Nf3 Be7 7.cxd5 Nxd5 8.Bd3 
Nc6 9.O-O O-O 10.Re1 b6 11.Nxd5 Qxd5 12.Be4 Qd6 13.Ne5 Nxe5 14.Bxa8 Nc6 
15.Bxc6 Qxc6 16.d5 Qc7 17.dxe6 Bxe6 18.Bd2 Bd6 19.h3 Rd8 20.Qe2 Bc4 21.Qf3
h6 22.Rad1 Bc5 23.Bf4 1-0

[Event "interzonal (w)"]
[Site "Chisinau MDA"]
[Date "1995.??.??"]
[Round "5"]
[White "Hoang Thanh Trang"]
[Black "Lin Ye"]
[Result "1/2-1/2"]
[WhiteElo "2405"]
[BlackElo "2205"]
[EventDate "1995.09.??"]
[PlyCount "159"]

1.d4 Nf6 2.c4 e6 3.Nc3 Bb4 4.Qc2 O-O 5.a3 Bxc3+ 6.Qxc3 b6 7.Bg5 Bb7 8.Nf3 
d6 9.Nd2 Nbd7 10.f3 h6 11.Bh4 c5 12.e4 Rc8 13.Bd3 cxd4 14.Qxd4 Ne5 15.Be2 
Ng6 16.Bxf6 Qxf6 17.Qxf6 gxf6 18.g3 d5 19.exd5 exd5 20.Kf2 Ne5 21.cxd5 
Bxd5 22.Rac1 Rfd8 23.Rhd1 Be6 24.Ne4 Kg7 25.Rxc8 Rxc8 26.f4 Nc4 27.Bxc4 
Rxc4 28.Ke3 f5 29.Nc3 Rc8 30.Nb5 a5 31.Rd6 Rc2 32.Rd2 Rc8 33.Nd4 Kf6 34.
Rc2 Ke7 35.Rxc8 Bxc8 36.Nf3 Kd6 37.Kd4 Be6 38.Ne5 f6 39.Nc4+ Kc6 40.Ne3 h5
41.Nd1 Bb3 42.Nf2 Be6 43.Nd3 Kd6 44.Nc1 Kc6 45.Ne2 Kd6 46.b4 axb4 47.axb4 
Kc6 48.Nc3 Bb3 49.Ke3 Bc4 50.Kf3 Bd5+ 51.Kf2 Bc4 52.Kg2 Bd3 53.Kf3 Bf1 54.
Ke3 Bc4 55.Kd4 Be6 56.Ne2 Kd6 57.Nc3 Kc6 58.b5+ Kd6 59.Na4 Kc7 60.Nc3 Kd6 
61.Nd1 Bb3 62.Ne3 Be6 63.h3 Bd7 64.Nd5 Bxb5 65.Nxf6 Bf1 66.h4 Be2 67.Nd5 
b5 68.Ne3 Ke6 69.Kc5 Bd3 70.Nd5 Bc4 71.Nc7+ Kd7 72.Nxb5 Bxb5 73.Kxb5 Kd6 
74.Kb6 Kd5 75.Kc7 Ke4 76.Kd6 Kf3 77.Ke5 Kxg3 78.Kxf5 Kxh4 79.Ke5 Kg3 80.f5
1/2-1/2

[Event "interzonal (w)"]
[Site "Chisinau MDA"]
[Date "1995.??.??"]
[Round "5"]
[White "Krupkova, Petra"]
[Black "Burtman, Sharon"]
[Result "1-0"]
[WhiteElo "2210"]
[BlackElo "2065"]
[EventDate "1995.09.??"]
[PlyCount "67"]

1.d4 f5 2.g3 Nf6 3.Bg2 g6 4.Nf3 Bg7 5.O-O O-O 6.c4 d6 7.Nc3 Qe8 8.d5 Na6 
9.Rb1 Bd7 10.Nd4 c6 11.dxc6 bxc6 12.b4 Rb8 13.b5 cxb5 14.cxb5 Nc5 15.Nc6 
Bxc6 16.Bxc6 Qd8 17.Be3 Ng4 18.Bxc5 dxc5 19.Na4 Ne5 20.Bd5+ Kh8 21.Nxc5 
Qd6 22.Ne6 Rf6 23.Nxg7 Kxg7 24.a4 f4 25.Bg2 fxg3 26.hxg3 Qe6 27.Qd5 Qf5 
28.f4 Nf7 29.Qxf5 gxf5 30.Rfc1 Re6 31.Kf2 Nd6 32.Rc7 a6 33.b6 Ne8 34.Bd5 
1-0

[Event "interzonal (w)"]
[Site "Chisinau MDA"]
[Date "1995.??.??"]
[Round "5"]
[White "Kulish, Irina"]
[Black "Janjgava, Natia"]
[Result "1-0"]
[WhiteElo "2300"]
[BlackElo "2280"]
[EventDate "1995.09.??"]
[PlyCount "78"]

1.e4 c5 2.Nf3 e6 3.c3 Nf6 4.e5 Nd5 5.d4 cxd4 6.cxd4 Nc6 7.Bc4 d6 8.O-O 
Nde7 9.exd6 Qxd6 10.Nc3 a6 11.Re1 b5 12.Bb3 Na5 13.d5 Nxb3 14.axb3 b4 15.
Ne4 Qd8 16.dxe6 Qxd1 17.Rxd1 Nc6 18.exf7+ Kxf7 19.Bf4 Bg4 20.Rac1 Bxf3 21.
Ng5+ Kf6 22.Nxf3 Ne7 23.Rd6+ Kf7 24.Ne5+ Kg8 25.Rd7 Re8 26.h3 h5 27.Rcc7 
h4 28.Ra7 Rh5 29.Rxa6 Rf5 30.Nd3 Nd5 31.Ra5 Rxf4 32.Rdxd5 Rfe4 33.Rd4 Re2 
34.Rxh4 Ra8 35.Kh2 Ra6 36.Rd4 Rf6 37.Rd8 Kf7 38.Ra7+ Kg6 39.Rd4 Kh7 1-0

[Event "interzonal (w)"]
[Site "Chisinau MDA"]
[Date "1995.??.??"]
[Round "5"]
[White "Lematschko, Tatjana"]
[Black "Thipsay, Bagyashree Sathe"]
[Result "1/2-1/2"]
[WhiteElo "2310"]
[BlackElo "2195"]
[EventDate "1995.09.??"]
[PlyCount "141"]

1.e4 c6 2.d4 d5 3.e5 Bf5 4.Nf3 e6 5.Be2 c5 6.O-O Nd7 7.c4 Bxb1 8.Rxb1 Ne7 
9.Bg5 dxc4 10.Bxc4 cxd4 11.Qxd4 Nc6 12.Qe4 Qb6 13.b4 Be7 14.Bf4 O-O 15.
Rfd1 Rfd8 16.Rdc1 a6 17.Bd3 Nf8 18.Be3 Qc7 19.b5 axb5 20.Bxb5 Rd5 21.Bb6 
Qc8 22.Bc4 Rd7 23.h4 Qe8 24.Bb5 Rd5 25.Bc4 Rd7 26.g3 Ra4 27.Qe2 Qa8 28.Bb3
Ra6 29.Be3 Ng6 30.Bc4 Ra4 31.Bb6 Nf8 32.h5 Nb4 33.Ra1 Nd5 34.Bd4 Ba3 35.
Rd1 Ra5 36.Rab1 Bc5 37.Bb2 Ne7 38.Rxd7 Nxd7 39.Bb3 b6 40.Bc3 Ra7 41.Rd1 
Nf8 42.Ng5 Qc6 43.Ne4 Rd7 44.Nxc5 Qxc5 45.Rc1 Nf5 46.Bb2 Qb4 47.Qc4 Qd2 
48.Qc3 Qg5 49.Ba3 Nd4 50.Qb4 Rd8 51.Bd1 Qxe5 52.Qxb6 Rb8 53.Qc5 Qe1+ 54.
Kg2 Qe4+ 55.f3 Qe3 56.Qc3 Qxc3 57.Rxc3 Ra8 58.Rd3 Nb5 59.Bc5 Rxa2+ 60.Kh3 
Ra8 61.f4 Rc8 62.Bf2 h6 63.Be1 Na7 64.Ba4 Nc6 65.Bxc6 Rxc6 66.Rd8 Rb6 67.
Bf2 Rc6 68.Be1 Rb6 69.Bf2 Rc6 70.Be1 Rb6 71.Bf2 1/2-1/2

[Event "interzonal (w)"]
[Site "Chisinau MDA"]
[Date "1995.??.??"]
[Round "5"]
[White "Lomineishvili, Maia"]
[Black "Zaitseva, Ludmila"]
[Result "0-1"]
[WhiteElo "2295"]
[BlackElo "2360"]
[EventDate "1995.09.??"]
[PlyCount "104"]

1.d4 e6 2.c4 f5 3.g3 Nf6 4.Bg2 d5 5.Nh3 c6 6.O-O Bd6 7.Qc2 O-O 8.Bf4 Be7 
9.Nd2 Na6 10.Nf3 Ne4 11.Ne5 g5 12.Bd2 Bf6 13.Rad1 Nxd2 14.Rxd2 Qe7 15.e3 
Bd7 16.a3 Nc7 17.f3 Be8 18.Nf2 Bxe5 19.dxe5 f4 20.exf4 gxf4 21.Rd4 Bg6 22.
Qd2 fxg3 23.hxg3 Ne8 24.b4 a5 25.c5 axb4 26.axb4 Ng7 27.Ng4 Nh5 28.Kh2 Ra3
29.Qh6 Rfa8 30.Nf2 Ra2 31.Rh4 Ng7 32.Bh3 Re2 33.Kg1 Rxe5 34.Ng4 Re2 35.Qc1
Nf5 36.Nh6+ Nxh6 37.Qxh6 Qg7 38.Qf4 Qe5 39.Qxe5 Rxe5 40.f4 Re3 41.Bxe6+ 
Rxe6 42.f5 Re3 43.Rg4 Raa3 44.Kg2 Kg7 45.fxg6 hxg6 46.Rf2 Rab3 47.Rff4 
Re2+ 48.Kh3 Rbb2 49.Rg5 Re4 50.Rfg4 Rxg4 51.Rxg4 Rc2 52.Rf4 Rc4 0-1

[Event "interzonal (w)"]
[Site "Chisinau MDA"]
[Date "1995.??.??"]
[Round "5"]
[White "Maksimovic, Suzana"]
[Black "Petrenko, Svetlana"]
[Result "0-1"]
[WhiteElo "2190"]
[BlackElo "2250"]
[EventDate "1995.09.??"]
[PlyCount "78"]

1.c4 Nf6 2.Nc3 g6 3.e4 d6 4.d4 Bg7 5.f4 Bg4 6.Nf3 Nfd7 7.Be2 c5 8.d5 Na6 
9.O-O O-O 10.Kh1 Nc7 11.a4 a5 12.Ra3 Na6 13.Nb5 Nb4 14.Ng5 Bxe2 15.Qxe2 h6
16.Nf3 Qb8 17.e5 dxe5 18.fxe5 Nxe5 19.Nxe5 Qxe5 20.Re3 Qh5 21.g4 Qh4 22.
Re4 e5 23.g5 Qh3 24.gxh6 Bh8 25.Rf3 Qd7 26.h7+ Kxh7 27.Qf2 Bg7 28.Rh4+ Kg8
29.Bh6 f6 30.Bxg7 Qxg7 31.Qxc5 g5 32.Rg4 Qh7 33.Nc3 Nd3 34.Qb6 Nf4 35.Qe3 
Qf5 36.Rg1 Kg7 37.Ne4 Rh8 38.Rfg3 Rxh2+ 39.Kxh2 Rh8+ 0-1

[Event "interzonal (w)"]
[Site "Chisinau MDA"]
[Date "1995.??.??"]
[Round "5"]
[White "Peng Zhaoqin"]
[Black "Foisor, Cristina"]
[Result "0-1"]
[WhiteElo "2355"]
[BlackElo "2345"]
[EventDate "1995.09.??"]
[PlyCount "66"]

1.d4 Nf6 2.c4 g6 3.Nc3 Bg7 4.e4 d6 5.Bd3 O-O 6.Nge2 Nc6 7.O-O Nd7 8.Be3 e5
9.d5 Nd4 10.Bc2 Nxc2 11.Qxc2 f5 12.exf5 gxf5 13.f4 Nf6 14.h3 Nh5 15.c5 Rf7
16.Qd2 Bd7 17.Rad1 Qf8 18.Qe1 dxc5 19.fxe5 Bxe5 20.Qh4 Ng7 21.Bf4 Qd6 22.
Rf3 Re8 23.Bxe5 Qxe5 24.Qc4 Qd6 25.Nf4 a5 26.Rdf1 Rfe7 27.Nd3 b6 28.Qh4 b5
29.Nf4 b4 30.Nb1 Bb5 31.Rc1 Qe5 32.b3 Qb2 33.Rd1 Qc2 0-1

[Event "interzonal (w)"]
[Site "Chisinau MDA"]
[Date "1995.??.??"]
[Round "5"]
[White "Semenova, Lidia"]
[Black "Ratcu, Tatiana"]
[Result "1/2-1/2"]
[WhiteElo "2310"]
[BlackElo "2080"]
[EventDate "1995.09.??"]
[PlyCount "83"]

1.e4 c5 2.Nc3 e6 3.Nf3 a6 4.g3 Nc6 5.Bg2 d5 6.exd5 exd5 7.O-O Nf6 8.d4 c4 
9.b3 cxb3 10.axb3 Bb4 11.Na2 Be7 12.Ne5 Qb6 13.Nxc6 Qxc6 14.c4 O-O 15.Nc3 
Be6 16.Bg5 Qb6 17.c5 Qd8 18.b4 Qd7 19.Qa4 Qc6 20.Qb3 Rfd8 21.b5 axb5 22.
Qxb5 h6 23.Bf4 Bf5 24.Qe2 Ne4 25.Nb5 Bf6 26.Qb2 Rxa1 27.Rxa1 Qxc5 28.f3 
Ng5 29.dxc5 Bxb2 30.Ra2 Bf6 31.Nd6 Bd4+ 32.Kh1 Bb1 33.Rd2 Bxc5 34.Nxb7 Rc8
35.Bxg5 hxg5 36.Rxd5 Be7 37.h3 Rc7 38.Na5 Ba3 39.Rb5 Be4 40.Kh2 Rc2 41.Nb3
Bg6 42.Nc5 1/2-1/2

[Event "interzonal (w)"]
[Site "Chisinau MDA"]
[Date "1995.??.??"]
[Round "5"]
[White "Shumiakina, Tatiana"]
[Black "Khurtsidze, Nino"]
[Result "1/2-1/2"]
[WhiteElo "2345"]
[BlackElo "2295"]
[EventDate "1995.09.??"]
[PlyCount "123"]

1.c4 e6 2.Nc3 d5 3.d4 Nf6 4.cxd5 exd5 5.Bg5 Nbd7 6.e3 Be7 7.Bd3 c6 8.Nge2 
Nh5 9.Bxe7 Qxe7 10.g4 Nhf6 11.Ng3 g6 12.h3 Nb6 13.Qe2 Bd7 14.O-O-O O-O-O 
15.Kb1 h5 16.g5 Ne8 17.h4 Ng7 18.Rde1 Rhe8 19.Qc2 Kb8 20.f4 c5 21.Qf2 c4 
22.Bc2 f5 23.gxf6 Qxf6 24.Qg2 Bg4 25.Bd1 Nf5 26.Nxf5 gxf5 27.Bf3 Qf7 28.
Qf2 Bxf3 29.Qxf3 Rg8 30.Nd1 Rg7 31.Rhg1 Rdg8 32.Rg5 Nc8 33.Qxh5 Qxh5 34.
Rxh5 Nd6 35.Rg5 Ne4 36.Rxg7 Rxg7 37.Nc3 Nxc3+ 38.bxc3 Kc7 39.h5 Kd6 40.Rh1
Ke6 41.h6 Rh7 42.Kb2 a5 43.Ka3 b5 44.Rb1 Rxh6 45.Rxb5 Rh3 46.Rxa5 Rxe3 47.
Kb4 Rf3 48.Ra6+ Ke7 49.a4 Rxf4 50.a5 Rf1 51.Rh6 f4 52.a6 f3 53.Kc5 Ra1 54.
Rh2 Ke6 55.Rf2 Rxa6 56.Rxf3 Ra5+ 57.Kb4 Ra1 58.Rh3 Kd6 59.Rh6+ Kc7 60.Kb5 
Ra3 61.Rh3 Kd6 62.Rh6+ 1/2-1/2

[Event "interzonal (w)"]
[Site "Chisinau MDA"]
[Date "1995.??.??"]
[Round "5"]
[White "Wang Lei"]
[Black "Maric, Alisa"]
[Result "1/2-1/2"]
[WhiteElo "2290"]
[BlackElo "2445"]
[EventDate "1995.09.??"]
[PlyCount "73"]

1.d4 Nf6 2.c4 e6 3.Nc3 Bb4 4.Qc2 O-O 5.a3 Bxc3+ 6.Qxc3 Ne4 7.Qc2 f5 8.Nf3 
b6 9.e3 Bb7 10.Bd3 d6 11.O-O Nd7 12.Nd2 Nxd2 13.Bxd2 Qf6 14.b4 e5 15.c5 
dxc5 16.dxc5 Kh8 17.f3 Rad8 18.c6 Bxc6 19.Bxf5 Bb5 20.Bd3 Bxd3 21.Qxd3 Nc5
22.Qc2 Rxd2 23.Qxd2 Nb3 24.Qc3 Nxa1 25.Rxa1 c5 26.Rd1 cxb4 27.axb4 h6 28.
Rd5 Re8 29.b5 Qe6 30.e4 Qe7 31.h3 Kh7 32.Kh2 Qf7 33.Kg1 Qe7 34.Kh1 Qe6 35.
Kh2 Re7 36.Kg1 Re8 37.Kh2 1/2-1/2

[Event "interzonal (w)"]
[Site "Chisinau MDA"]
[Date "1995.??.??"]
[Round "5"]
[White "Lu Xiaosha"]
[Black "Bojkovic, Natasa"]
[Result "1/2-1/2"]
[WhiteElo "2280"]
[BlackElo "2425"]
[EventDate "1995.09.??"]
[PlyCount "142"]

1.e4 c5 2.f4 e6 3.Nf3 d5 4.exd5 exd5 5.Bb5+ Bd7 6.Bxd7+ Nxd7 7.O-O Bd6 8.
d4 Ne7 9.Nc3 O-O 10.Kh1 Nf6 11.Ne5 cxd4 12.Nb5 Nf5 13.Nxd4 Nxd4 14.Qxd4 
Qc7 15.c3 Rfe8 16.Be3 Bxe5 17.fxe5 Qxe5 18.Qxe5 Rxe5 19.Bd4 Re2 20.Bxf6 
gxf6 21.Rab1 Rae8 22.Kg1 Rd2 23.Rf2 Ree2 24.Rxe2 Rxe2 25.a4 Rd2 26.b4 Kf8 
27.Re1 Rd3 28.Rc1 d4 29.cxd4 Rxd4 30.Rb1 b6 31.a5 bxa5 32.bxa5 Rd5 33.Ra1 
a6 34.Kf2 Re5 35.Kf3 Kg7 36.g4 Kg6 37.Ra4 h6 38.h3 Rc5 39.h4 Kg7 40.h5 Rb5
41.Ra1 f5 42.Ra4 fxg4+ 43.Kxg4 Rg5+ 44.Kh4 Kf6 45.Ra1 Re5 46.Kg4 Rg5+ 47.
Kh4 Rb5 48.Ra4 Kf5 49.Rg4 Rxa5 50.Rg7 Ra4+ 51.Kg3 Kf6 52.Rh7 Kg5 53.Rxf7 
Kxh5 54.Rf5+ Kg6 55.Rc5 Ra3+ 56.Kg4 h5+ 57.Kh4 Ra4+ 58.Kg3 h4+ 59.Kh3 Kf6 
60.Rd5 Ke6 61.Rg5 Kd6 62.Rf5 Kc6 63.Rf6+ Kb5 64.Rf5+ Kc4 65.Rf4+ Kb3 66.
Rf3+ Kc2 67.Rf2+ Kd3 68.Rf3+ Ke2 69.Rf6 a5 70.Rf5 Kd3 71.Re5 Rf4 1/2-1/2

[Event "interzonal (w)"]
[Site "Chisinau MDA"]
[Date "1995.??.??"]
[Round "5"]
[White "Zhukova, Natalia"]
[Black "Paasikangas, Johanna"]
[Result "1-0"]
[WhiteElo "2360"]
[BlackElo "2280"]
[EventDate "1995.09.??"]
[PlyCount "79"]

1.d4 f5 2.Nc3 d5 3.Bg5 Be6 4.e3 Nd7 5.Bd3 g6 6.Nge2 c6 7.h4 h6 8.Bf4 Ngf6 
9.f3 Bf7 10.e4 dxe4 11.fxe4 e6 12.a3 Nh5 13.Be3 Be7 14.Bf2 Ndf6 15.Qd2 Ng4
16.Ng1 f4 17.Nf3 Ng3 18.Rh3 Nxf2 19.Qxf2 Rg8 20.Ne5 Rf8 21.Qxf4 Nh5 22.Qg4
Qxd4 23.Nxf7 Kxf7 24.O-O-O Kg7 25.Qxe6 Bxa3 26.Bc4 Qc5 27.bxa3 Nf4 28.Qg4 
Qxc4 29.Rf3 Qc5 30.Rd7+ Kh8 31.Rxf4 Qxc3 32.Qxg6 Qxa3+ 33.Kd1 Qa1+ 34.Ke2 
Qa6+ 35.Rd3 Rxf4 36.Qxh6+ Kg8 37.Qxf4 Qc4 38.Kd2 Re8 39.Rg3+ Kh7 40.Qf5+ 
1-0

[Event "interzonal (w)"]
[Site "Chisinau MDA"]
[Date "1995.??.??"]
[Round "6"]
[White "Arakhamia, Ketevan"]
[Black "Basagic, Vesna"]
[Result "1-0"]
[WhiteElo "2420"]
[BlackElo "2340"]
[EventDate "1995.09.??"]
[PlyCount "79"]

1.e4 e5 2.Nf3 Nc6 3.Bc4 Nf6 4.d3 Be7 5.O-O O-O 6.Re1 d6 7.c3 h6 8.Nbd2 Nh7
9.Nf1 Ng5 10.Bxg5 Bxg5 11.b4 Bf6 12.Ne3 g6 13.Qb3 Bg7 14.a4 Bd7 15.Rad1 
Qe8 16.Qb1 Nd8 17.b5 a6 18.b6 c6 19.a5 Be6 20.d4 exd4 21.cxd4 Bxc4 22.Nxc4
Qd7 23.d5 cxd5 24.Rxd5 Qa4 25.Nxd6 Bc3 26.Rc1 Bg7 27.Rc4 Qa3 28.Ne1 Rb8 
29.Nc2 Qb2 30.Qxb2 Bxb2 31.f4 Ne6 32.g3 Rfd8 33.e5 Rd7 34.Rb4 Bc1 35.Rd1 
Rc8 36.Rxc1 Rc5 37.Rc4 Rxa5 38.Rc8+ Kh7 39.Ne3 f6 40.Ng4 1-0

[Event "interzonal (w)"]
[Site "Chisinau MDA"]
[Date "1995.??.??"]
[Round "6"]
[White "Bojkovic, Natasa"]
[Black "Khurtsidze, Nino"]
[Result "1/2-1/2"]
[WhiteElo "2425"]
[BlackElo "2295"]
[EventDate "1995.09.??"]
[PlyCount "62"]

1.e4 c6 2.d4 d5 3.e5 Bf5 4.Nf3 e6 5.Be2 c5 6.Be3 Nd7 7.c4 dxc4 8.Nc3 Ne7 
9.Bxc4 Nc6 10.d5 exd5 11.Qxd5 Be6 12.Qe4 Bxc4 13.Qxc4 Nb6 14.Qe4 Be7 15.
Rd1 Qc8 16.O-O a6 17.Bg5 Qe6 18.Bxe7 Qxe7 19.Nd5 Nxd5 20.Rxd5 Nb4 21.Rd6 
O-O 22.a3 Rfe8 23.Rfd1 Nc6 24.g3 Nxe5 25.Nxe5 Qxe5 26.Qxb7 h6 27.Rxa6 Rxa6
28.Qxa6 Qxb2 29.Qc6 Re5 30.Qc7 Re6 31.a4 Qc3 1/2-1/2

[Event "interzonal (w)"]
[Site "Chisinau MDA"]
[Date "1995.??.??"]
[Round "6"]
[White "Calzetta Ruiz, Monica"]
[Black "Lematschko, Tatjana"]
[Result "1-0"]
[WhiteElo "2130"]
[BlackElo "2310"]
[EventDate "1995.09.??"]
[PlyCount "79"]

1.e4 e5 2.Nf3 Nc6 3.Bb5 a6 4.Ba4 Nf6 5.Qe2 Be7 6.c3 b5 7.Bc2 d6 8.a4 b4 9.
a5 bxc3 10.bxc3 O-O 11.O-O Nd7 12.Rd1 Bf6 13.d4 Qe7 14.d5 Nd8 15.Be3 Nb7 
16.Nbd2 Ndc5 17.Rdb1 h6 18.h3 Bg5 19.Nxg5 hxg5 20.Qh5 f6 21.h4 gxh4 22.
Qxh4 g5 23.Qg3 Rf7 24.f4 exf4 25.Bxf4 Rg7 26.Be3 Nd7 27.Bd4 Nd8 28.Ba4 Ne5
29.Bxe5 fxe5 30.Ra2 Bd7 31.Bxd7 Qxd7 32.Rab2 c6 33.Rb6 cxd5 34.exd5 Nf7 
35.Ne4 Qf5 36.Qd3 Kh8 37.Rf1 Qc8 38.Nf6 Qc5+ 39.Kh1 Qc8 40.Rc6 1-0

[Event "interzonal (w)"]
[Site "Chisinau MDA"]
[Date "1995.??.??"]
[Round "6"]
[White "Edzgveradze, Natalia"]
[Black "Berezina, Irina"]
[Result "1-0"]
[WhiteElo "2320"]
[BlackElo "2195"]
[EventDate "1995.09.??"]
[PlyCount "79"]

1.d4 Nf6 2.c4 g6 3.g3 Bg7 4.Bg2 d6 5.Nf3 O-O 6.O-O Nc6 7.Nc3 Bf5 8.Ne1 Qc8
9.e4 Bh3 10.f4 e5 11.fxe5 dxe5 12.d5 Bxg2 13.Kxg2 Nd4 14.Bg5 Nd7 15.Nf3 
Qe8 16.Be3 c5 17.dxc6 Nxc6 18.Qd2 Kh8 19.Rad1 Rd8 20.Qc1 b6 21.Rd5 Nb4 22.
Rd6 Nb8 23.Rxd8 Qxd8 24.Rd1 Qc8 25.b3 f5 26.Bh6 N8c6 27.Bxg7+ Kxg7 28.Qd2 
h6 29.a3 Na6 30.b4 Rd8 31.Qe2 Nd4 32.Nxd4 Rxd4 33.Rxd4 exd4 34.Nb5 Qb7 35.
Kf3 Nb8 36.Nxd4 Nd7 37.Kf4 Kf6 38.e5+ Nxe5 39.Qxe5+ Kf7 40.Qd5+ 1-0

[Event "interzonal (w)"]
[Site "Chisinau MDA"]
[Date "1995.??.??"]
[Round "6"]
[White "Foisor, Cristina"]
[Black "Sheremetieva, Marina"]
[Result "1/2-1/2"]
[WhiteElo "2345"]
[BlackElo "2250"]
[EventDate "1995.09.??"]
[PlyCount "126"]

1.c4 e5 2.g3 Nc6 3.Bg2 d6 4.Nc3 Be6 5.Qa4 Qd7 6.Nd5 Nge7 7.e3 Nxd5 8.cxd5 
Nd8 9.Qc4 Bf5 10.e4 Bg6 11.h4 h6 12.Ne2 c6 13.Bh3 Qc7 14.Nc3 Be7 15.d3 O-O
16.Be3 a6 17.dxc6 bxc6 18.O-O Qb7 19.Rab1 Kh8 20.f4 exf4 21.Bxf4 a5 22.Kh2
Qb4 23.a3 Qxc4 24.dxc4 Ne6 25.Be3 Bf6 26.Bf5 Be5 27.Na4 Kg8 28.Rf2 Rfe8 
29.Kg2 Rab8 30.b4 axb4 31.axb4 Ra8 32.Ra2 Bxf5 33.exf5 Nd4 34.g4 Reb8 35.
Bxd4 Bxd4 36.Kf3 Rb7 37.Nc5 Rxa2 38.Nxb7 Be5 39.Nd8 Ra3+ 40.Ke4 Ra6 41.b5 
cxb5 42.Rxb5 Bg3 43.h5 Ra1 44.Rb7 Rf1 45.Kd5 Rd1+ 46.Kc6 Rc1 47.Kb5 Re1 
48.Ra7 Re5+ 49.Kb4 Be1+ 50.Kb3 Re3+ 51.Kb2 Bc3+ 52.Ka2 Bf6 53.Nb7 Re2+ 54.
Ka3 Rd2 55.Na5 Rd4 56.Rd7 Rxg4 57.Ka4 Rd4 58.Kb5 Kf8 59.Ra7 Rd1 60.Ra8+ 
Ke7 61.Nc6+ Kd7 62.Ra7+ Ke8 63.Ra8+ Kd7 1/2-1/2

[Event "interzonal (w)"]
[Site "Chisinau MDA"]
[Date "1995.??.??"]
[Round "6"]
[White "Galliamova-Ivanchuk, Alisa"]
[Black "Kachiani-Gersinska, Ketino"]
[Result "0-1"]
[WhiteElo "2475"]
[BlackElo "2360"]
[EventDate "1995.09.??"]
[PlyCount "62"]

1.Nf3 Nf6 2.c4 g6 3.b4 Bg7 4.Bb2 O-O 5.e3 a5 6.b5 c6 7.a4 d5 8.Be2 cxb5 9.
axb5 dxc4 10.Na3 Be6 11.Nxc4 Nbd7 12.d4 Ne4 13.O-O Ndf6 14.Qe1 Bxc4 15.
Bxc4 a4 16.Bd3 Qa5 17.Ba3 Qxe1 18.Rfxe1 Rfe8 19.Rac1 Bf8 20.Rc7 e6 21.Bxf8
Rxf8 22.Rxb7 a3 23.Ra1 a2 24.Rc7 Ra3 25.Bxe4 Nxe4 26.Rc2 Nc3 27.Rb2 Rb8 
28.b6 Ra6 29.b7 Ra7 30.Nd2 Rbxb7 31.Nb3 Ra3 0-1

[Event "interzonal (w)"]
[Site "Chisinau MDA"]
[Date "1995.??.??"]
[Round "6"]
[White "Gaponenko, Inna"]
[Black "Ioseliani, Nana"]
[Result "1/2-1/2"]
[WhiteElo "2365"]
[BlackElo "2475"]
[EventDate "1995.09.??"]
[PlyCount "72"]

1.e4 c5 2.Nf3 e6 3.d4 cxd4 4.Nxd4 a6 5.Bd3 Nf6 6.O-O Qc7 7.Qe2 d6 8.f4 
Nbd7 9.Kh1 Be7 10.Be3 O-O 11.Bg1 g6 12.Nc3 b5 13.a4 b4 14.Na2 e5 15.Nf3 a5
16.c3 Nh5 17.cxb4 Nxf4 18.Qc2 Qb8 19.Bb5 Nf6 20.Nd4 exd4 21.Rxf4 d5 22.e5 
Qxe5 23.Rxd4 Bf5 24.Qe2 Be4 25.Nc3 Bd6 26.bxa5 Bc5 27.Rd2 Bxg1 28.Rxg1 h5 
29.Qf2 Ng4 30.Qg3 Qg5 31.Nxe4 dxe4 32.Re2 h4 33.Qe1 e3 34.h3 Nf2+ 35.Rxf2 
exf2 36.Qxf2 Rxa5 1/2-1/2

[Event "interzonal (w)"]
[Site "Chisinau MDA"]
[Date "1995.??.??"]
[Round "6"]
[White "Gurieli, Nino"]
[Black "Matveeva, Svetlana"]
[Result "1/2-1/2"]
[WhiteElo "2360"]
[BlackElo "2440"]
[EventDate "1995.09.??"]
[PlyCount "102"]

1.Nf3 d5 2.d4 Nf6 3.c4 e6 4.Nc3 Bb4 5.cxd5 exd5 6.Bg5 h6 7.Bh4 c5 8.e3 c4 
9.Nd2 Be6 10.Be2 Nbd7 11.O-O O-O 12.f4 Nb6 13.Nf3 Bxc3 14.bxc3 Bg4 15.Ne5 
Bxe2 16.Qxe2 Qd6 17.Bxf6 Qxf6 18.a4 Rad8 19.Rfb1 Qe7 20.a5 Nc8 21.a6 Nb6 
22.Qf3 Rc8 23.axb7 Qxb7 24.f5 f6 25.Ng6 Rfe8 26.Nf4 Re4 27.Ra5 Rce8 28.Ne6
Qf7 29.Rba1 R8xe6 30.fxe6 Qxe6 31.Kf2 Nc8 32.Ra6 Qd7 33.Qh5 Kh7 34.R1a5 
Ne7 35.Rxa7 Qe6 36.R5a6 Qc8 37.Ra2 Nf5 38.Ra8 Qe6 39.R2a6 Rf4+ 40.exf4 
Qe3+ 41.Kf1 Qc1+ 42.Ke2 Qc2+ 43.Ke1 Qxc3+ 44.Kd1 Qxd4+ 45.Kc1 Qc3+ 46.Kb1 
Qb3+ 47.Kc1 Qe3+ 48.Kb1 Qd3+ 49.Ka1 Qc3+ 50.Kb1 Qb3+ 51.Kc1 Qc3+ 1/2-1/2

[Event "interzonal (w)"]
[Site "Chisinau MDA"]
[Date "1995.??.??"]
[Round "6"]
[White "Jezierska, Ivona"]
[Black "Burtman, Sharon"]
[Result "1-0"]
[WhiteElo "2085"]
[BlackElo "2065"]
[EventDate "1995.09.??"]
[PlyCount "69"]

1.e4 c5 2.c3 d5 3.exd5 Qxd5 4.d4 Nf6 5.Nf3 Bg4 6.Be2 e6 7.O-O Be7 8.Be3 
cxd4 9.cxd4 Nc6 10.Nc3 Qd6 11.h3 Bh5 12.Qb3 O-O 13.Rfd1 Qb4 14.d5 Qxb3 15.
axb3 exd5 16.Nxd5 Nxd5 17.Rxd5 Bg6 18.Rd7 Bf6 19.Rxb7 Rab8 20.Rxb8 Rxb8 
21.Ra6 Nb4 22.Rxa7 Bxb2 23.Bc4 Nc6 24.Rc7 Na5 25.Bd5 h6 26.Nh4 Kh7 27.Nxg6
fxg6 28.Rc2 Bf6 29.Rc1 Rb5 30.Rc5 Rxc5 31.Bxc5 Nxb3 32.Bxb3 h5 33.Bc2 Kh6 
34.Be3+ Kh7 35.Kf1 1-0

[Event "interzonal (w)"]
[Site "Chisinau MDA"]
[Date "1995.??.??"]
[Round "6"]
[White "Khorava, Miranda"]
[Black "Shumiakina, Tatiana"]
[Result "1/2-1/2"]
[WhiteElo "2270"]
[BlackElo "2345"]
[EventDate "1995.09.??"]
[PlyCount "131"]

1.Nf3 d5 2.b3 e6 3.Bb2 Nf6 4.e3 b6 5.Be2 Bb7 6.O-O Bd6 7.Ne5 O-O 8.f4 c5 
9.d3 Nc6 10.Nd2 Nd7 11.Nxc6 Bxc6 12.e4 f6 13.c4 Rb8 14.g3 Qc7 15.Bf3 d4 
16.Qe2 Rbe8 17.Rab1 Ba8 18.a3 Rd8 19.Qg2 Rfe8 20.Qh3 Nf8 21.Rbe1 g6 22.e5 
fxe5 23.Bxa8 Rxa8 24.Ne4 exf4 25.Nf6+ Kg7 26.Nxe8+ Rxe8 27.gxf4 Bxf4 28.
Bc1 Bxc1 29.Rxc1 e5 30.Qf3 Qe7 31.Rce1 Nd7 32.Qc6 a5 33.Rf2 Qe6 34.Qb7 Re7
35.Rfe2 Qd6 36.Qg2 Nf6 37.Qg5 h6 38.Qh4 g5 39.Qh3 e4 40.dxe4 d3 41.Rd2 
Nxe4 42.Rxd3 Qf4 43.Qf3 Kf6 44.Kg2 Qxf3+ 45.Kxf3 Nd2+ 46.Kf2 Ne4+ 47.Kg2 
Re6 48.Rf1+ Kg6 49.Re3 h5 50.h3 Re8 51.Rff3 Re5 52.Re2 Re6 53.Ree3 Re5 54.
Re2 Re6 55.b4 axb4 56.axb4 cxb4 57.Rb3 Kf5 58.Rxb4 Rc6 59.Kf3 g4+ 60.hxg4+
hxg4+ 61.Ke3 Re6 62.Rb5+ Nc5+ 63.Kf2 g3+ 64.Kf3 Rxe2 65.Kxe2 Ke4 66.Rxb6 
1/2-1/2